[Event "Titled Tue 10th Jun Early"]
[Site "chess.com INT"]
[Date "2025.06.10"]
[Round "1"]
[White "Ochedzan, Filip"]
[Black "Paduano, Claudio"]
[Result "0-1"]
[WhiteTitle "CM"]
[BlackTitle "FM"]
[WhiteElo "1983"]
[BlackElo "2249"]
[WhiteFideId "21892610"]
[BlackFideId "2806393"]
[EventDate "2025.06.10"]

1. f4 Nf6 2. g3 d5 3. Nf3 c5 4. Bg2 Nc6 5. O-O e6 6. d3 Be7 7. Qe1 O-O 8. e4 b6
9. Nc3 Bb7 10. e5 Nd7 11. Bd2 a6 12. a4 Qc7 13. g4 Nb4 14. Rc1 d4 15. Ne4 Nd5
16. Qg3 Ne3 17. Bxe3 dxe3 18. Ne1 c4 19. Qxe3 b5 20. Kh1 Nb6 21. axb5 axb5 22.
c3 cxd3 23. Nxd3 Nc4 24. Qg3 Rfd8 25. f5 Bxe4 26. Bxe4 Nd2 27. Rfe1 Nxe4 28.
Rxe4 Rd5 29. Rce1 Rad8 30. Nf4 Rd1 31. fxe6 Bg5 32. exf7+ Qxf7 33. e6 Qb7 34. e7
Qxe4+ 35. Ng2 Bxe7 0-1

[Event "Titled Tue 10th Jun Early"]
[Site "chess.com INT"]
[Date "2025.06.10"]
[Round "1"]
[White "Chaulagain, Purusottam"]
[Black "Luong Phuong Hanh"]
[Result "0-1"]
[WhiteTitle "CM"]
[BlackTitle "WIM"]
[WhiteElo "1952"]
[BlackElo "2121"]
[WhiteFideId "12300730"]
[BlackFideId "12401013"]
[EventDate "2025.06.10"]

1. d4 Nf6 2. Nc3 d5 3. Bf4 g6 4. Qd2 h6 5. O-O-O Bg7 6. h4 c6 7. Nf3 Bf5 8. Ne5
Nbd7 9. f3 b5 10. Nxc6 Qb6 11. Nb4 Rc8 12. g4 Be6 13. e3 a5 14. Nd3 O-O 15. Kb1
Qb7 16. g5 hxg5 17. hxg5 Nh5 18. Rxh5 gxh5 19. Ne5 b4 20. Na4 Nxe5 21. Bxe5 Qc6
22. Bxg7 Kxg7 23. Bd3 Qxa4 24. f4 Bg4 25. Rg1 Qd7 26. Qf2 f5 27. gxf6+ exf6 28.
f5 Kf7 29. Qf4 Rh8 30. Rh1 Qc7 31. Qf1 a4 32. e4 a3 33. exd5 axb2 34. Qe1 Rhe8
35. Qxb4 Qc3 36. Qb7+ Rc7 37. Qb5 Re1+ 38. Rxe1 Qxe1+ 39. Kxb2 Qc3+ 40. Kc1 Qxd4 0-1

[Event "Titled Tue 10th Jun Early"]
[Site "chess.com INT"]
[Date "2025.06.10"]
[Round "1"]
[White "Cabarkapa, Novak"]
[Black "Klys, Kacper"]
[Result "0-1"]
[WhiteTitle "IM"]
[WhiteElo "2464"]
[BlackElo "2218"]
[WhiteFideId "943746"]
[BlackFideId "21005281"]
[EventDate "2025.06.10"]

1. d4 Nf6 2. Nc3 d5 3. Bf4 e6 4. e3 Bb4 5. Ne2 c5 6. a3 Bxc3+ 7. Nxc3 cxd4 8.
Nb5 Na6 9. Nd6+ Ke7 10. exd4 Ne8 11. Nb5 Bd7 12. a4 Nac7 13. Bd3 Nxb5 14. axb5
Qb6 15. Qe2 f6 16. c3 Nd6 17. O-O Nxb5 18. Rfe1 Kf7 19. Qh5+ Kg8 20. Re3 Be8 21.
Qh3 Bf7 22. Rg3 Nd6 23. b4 Ne8 24. Qg4 Qc6 25. h4 h5 26. Qe2 Kf8 27. b5 Qxc3 28.
Rc1 Qxd4 29. Be3 Qxh4 30. Rh3 Qa4 31. Bc5+ Kg8 32. Qb2 Rc8 33. Ra1 Qf4 34. Be3
Qe5 35. Bd4 Qd6 36. Rxa7 e5 37. Bc3 d4 38. Bb4 Qd5 39. Qe2 Nd6 40. Bxd6 Qxd6 41.
Rxb7 Rc1+ 42. Kh2 e4+ 43. Rg3 h4 44. f4 hxg3+ 45. Kxg3 exd3 46. Qd2 Rc2 47. Qa5
d2 48. Qa1 Rc3+ 49. Kg4 Qe6+ 50. f5 Qe4# 0-1

[Event "Titled Tue 10th Jun Early"]
[Site "chess.com INT"]
[Date "2025.06.10"]
[Round "1"]
[White "Liu, Xiangyi"]
[Black "Mkrtchyan, Mariam"]
[Result "1-0"]
[WhiteTitle "IM"]
[BlackTitle "WIM"]
[WhiteElo "2370"]
[BlackElo "2307"]
[WhiteFideId "8605718"]
[BlackFideId "13310828"]
[EventDate "2025.06.10"]

1. e4 c6 2. d4 d5 3. e5 Bf5 4. Nf3 e6 5. Be2 Ne7 6. O-O Nd7 7. Be3 h6 8. Nbd2
Qc7 9. Nb3 g5 10. c4 Bg7 11. Rc1 f6 12. exf6 Bxf6 13. Ne1 O-O-O 14. Nd3 e5 15.
Bg4 dxc4 16. Rxc4 Nb6 17. Bxf5+ Nxf5 18. Qg4 Qh7 19. Rc2 h5 20. Qe4 Nxd4 21.
Qxh7 Rxh7 22. Bxd4 exd4 23. Nbc5 Re7 24. b4 Kb8 25. a4 Nd5 26. b5 cxb5 27. axb5
Nc3 28. Rb2 Rd5 29. b6 axb6 30. Rxb6 Bg7 31. Rb3 b5 32. f4 g4 33. Nb4 Rd6 34.
Nbd3 Ne2+ 35. Kh1 Nc3 36. f5 Bf6 37. g3 Rc6 38. Ne6 Rcxe6 39. fxe6 Rxe6 40. Nc5
Rc6 41. Nd7+ Kc7 42. Nxf6 d3 43. Rxc3 1-0

[Event "Titled Tue 10th Jun Early"]
[Site "chess.com INT"]
[Date "2025.06.10"]
[Round "1"]
[White "Movahed, Sina"]
[Black "Yildiz, Egehan"]
[Result "1-0"]
[WhiteTitle "GM"]
[BlackTitle "FM"]
[WhiteElo "2544"]
[BlackElo "2198"]
[WhiteFideId "42520835"]
[BlackFideId "44518072"]
[EventDate "2025.06.10"]

1. Nf3 Nf6 2. c4 e6 3. d4 d5 4. Nc3 c6 5. e3 Nbd7 6. Qc2 Bd6 7. Be2 O-O 8. O-O
Re8 9. Rd1 Qe7 10. b3 b6 11. e4 dxe4 12. Nxe4 Nxe4 13. Qxe4 Bb7 14. Bg5 f6 15.
Be3 Rab8 16. c5 bxc5 17. dxc5 Nxc5 18. Qc2 Na6 19. Bxa7 Ra8 20. Be3 Nb4 21. Qd2
Red8 22. Qb2 c5 23. a3 Nd5 24. Bd2 Qf7 25. Re1 Qg6 26. Bc4 Kh8 27. Qb1 f5 28.
Bf1 Nf4 29. Bxf4 Bxf4 30. Ne5 Qf6 31. Nc4 Rd4 32. g3 Bc7 33. Bg2 Bxg2 34. Kxg2
f4 35. Qc2 Rf8 36. Rad1 fxg3 37. fxg3 Qf3+ 38. Kg1 Rg4 39. Rf1 Bxg3 40. Rxf3 1-0

[Event "Titled Tue 10th Jun Early"]
[Site "chess.com INT"]
[Date "2025.06.10"]
[Round "1"]
[White "Boruchovsky, Avital"]
[Black "Jasinski, Alexander"]
[Result "1-0"]
[WhiteTitle "GM"]
[WhiteElo "2513"]
[BlackElo "1989"]
[WhiteFideId "2800055"]
[BlackFideId "55627994"]
[EventDate "2025.06.10"]

1. c4 Nf6 2. Nc3 g6 3. d4 Bg7 4. g3 O-O 5. Bg2 d6 6. Nf3 Nc6 7. O-O a6 8. h3 Rb8
9. a4 e6 10. b3 Bd7 11. e4 h6 12. Be3 Kh7 13. Qd2 Na5 14. Rab1 c6 15. e5 Ne8 16.
Rfd1 b5 17. cxb5 axb5 18. axb5 cxb5 19. Ne4 b4 20. Nxd6 Nxd6 21. exd6 Bc6 22.
Bf4 Bd5 23. d7 Qxd7 24. Bxb8 Rxb8 25. Ne5 Bxe5 26. dxe5 Rb5 27. Qf4 Nc6 28. Rbc1
Nd8 29. Rc4 Qe8 30. Bxd5 exd5 31. Rxb4 Rxb4 32. Qxb4 Qxe5 33. Qd4 Qb8 34. Qxd5
Ne6 35. h4 h5 36. Rd3 Kg7 37. Re3 Qa7 38. Qe5+ Kh7 39. b4 Qa4 40. b5 Qd1+ 41.
Kg2 Qd7 42. Kh2 Qb7 43. Rd3 Qb6 44. Kg2 Qb7+ 45. Qd5 Qb6 46. Qc6 Qb8 47. b6 Qh8
48. b7 Qb8 49. Qc8 1-0

[Event "Titled Tue 10th Jun Early"]
[Site "chess.com INT"]
[Date "2025.06.10"]
[Round "1"]
[White "Gutman, Gennadi"]
[Black "Atanasov, Anthony"]
[Result "0-1"]
[WhiteTitle "GM"]
[BlackTitle "IM"]
[WhiteElo "2445"]
[BlackElo "2417"]
[WhiteFideId "14102277"]
[BlackFideId "2623897"]
[EventDate "2025.06.10"]

1. e4 e5 2. Nf3 Nf6 3. Nc3 Nc6 4. d4 Bb4 5. d5 Ne7 6. Nxe5 d6 7. Bb5+ Kf8 8. Nd3
Bxc3+ 9. bxc3 Nxe4 10. Bb2 Nxd5 11. Bc4 Ndxc3 12. Qh5 d5 13. Bb3 Nf6 14. Qe5
Nce4 15. f3 Nd6 16. O-O Qe7 17. Qg3 Be6 18. Rfe1 h5 19. Qg5 Rh6 20. Nc5 Re8 21.
c3 Rg6 22. Nxe6+ Qxe6 23. Qd2 Qd7 24. Rxe8+ Ndxe8 25. Re1 Qd6 26. Qc1 c5 27. c4
d4 28. Bc2 Rh6 29. Bf5 Nc7 30. Rd1 Ne6 31. Ba3 b6 32. Qb1 g6 33. Qc1 Kg7 34. Bd3
Nf4 35. Bf1 Rh8 36. g3 Ne6 37. Qc2 h4 38. g4 Nf4 39. h3 Ne6 40. Bc1 Qg3+ 41. Bg2
Nf4 42. Rd2 Re8 43. Rf2 Nxg2 44. Rxg2 Re1# 0-1

[Event "Titled Tue 10th Jun Early"]
[Site "chess.com INT"]
[Date "2025.06.10"]
[Round "1"]
[White "Caku, Kler"]
[Black "Coro, Lucas"]
[Result "0-1"]
[WhiteTitle "WFM"]
[BlackTitle "IM"]
[WhiteElo "2010"]
[BlackElo "2438"]
[WhiteFideId "4704703"]
[BlackFideId "147222"]
[EventDate "2025.06.10"]

1. e4 c5 2. Nf3 d6 3. d4 cxd4 4. Nxd4 Nf6 5. Nc3 g6 6. Be2 Bg7 7. Be3 Nc6 8. O-O
O-O 9. h3 Bd7 10. f4 Nxd4 11. Bxd4 Bc6 12. Bd3 e5 13. fxe5 Nh5 14. g4 Nf4 15.
Be3 dxe5 16. Bxf4 exf4 17. Qf3 Qb6+ 18. Kg2 Qxb2 19. Nd5 Qa3 20. Rab1 Qxa2 21.
Ne7+ Kh8 22. Nxc6 bxc6 23. Qxf4 a5 24. Rb7 a4 25. e5 a3 26. Bc4 Qxc2+ 27. Rf2
Qc3 28. Ba2 Bxe5 29. Qe4 f6 30. Rc2 Qg3+ 31. Kf1 Qxh3+ 32. Ke2 Qh2+ 33. Kd1 Qg1+
34. Ke2 Rad8 35. Rb1 Qh2+ 36. Kf1 Qh3+ 37. Kg1 Bd4+ 38. Rf2 Qg3+ 0-1

[Event "Titled Tue 10th Jun Early"]
[Site "chess.com INT"]
[Date "2025.06.10"]
[Round "1"]
[White "Sheehan, Ethan"]
[Black "Yanev, Tihomir"]
[Result "0-1"]
[BlackTitle "IM"]
[WhiteElo "2364"]
[BlackElo "2354"]
[WhiteFideId "30943965"]
[BlackFideId "2910110"]
[EventDate "2025.06.10"]

1. d4 e6 2. Nf3 f5 3. g3 Nf6 4. Bg2 Be7 5. O-O O-O 6. c4 d6 7. Nbd2 Nc6 8. a3 e5
9. d5 Nb8 10. b4 a5 11. Bb2 Na6 12. Bc3 Qe8 13. Qc2 Qh5 14. Nb3 f4 15. gxf4 Bf5
16. Qc1 axb4 17. axb4 Ng4 18. h3 Nf6 19. fxe5 Ne4 20. exd6 cxd6 21. Nbd2 Nxc3
22. Qxc3 Bxh3 23. Bxh3 Qxh3 24. Ra3 Bf6 25. Qb3 Rae8 26. Re1 Qg4+ 27. Kh1 Bh4
28. Nxh4 Qxh4+ 29. Qh3 Qxf2 30. Qg3 Rxe2 31. Qxf2 Rexf2 32. Ne4 R2f4 33. Nxd6
Nxb4 34. Rb3 Nc2 35. Rg1 Rh4+ 36. Kg2 Rg4+ 37. Kh1 Rh4+ 38. Kg2 Rg4+ 39. Rg3
Ne3+ 40. Kh3 h5 41. Rxg4 Nxg4 0-1

[Event "Titled Tue 10th Jun Early"]
[Site "chess.com INT"]
[Date "2025.06.10"]
[Round "1"]
[White "Kjaergaard-Jensen, Jesper"]
[Black "Souleidis, Georgios"]
[Result "1-0"]
[WhiteTitle "CM"]
[BlackTitle "IM"]
[WhiteElo "2081"]
[BlackElo "2418"]
[WhiteFideId "1406990"]
[BlackFideId "4206827"]
[EventDate "2025.06.10"]

1. d4 Nf6 2. Nf3 g6 3. c3 Bg7 4. Bg5 O-O 5. Bxf6 Bxf6 6. Nbd2 d5 7. e4 dxe4 8.
Nxe4 Bg7 9. h4 Bg4 10. Be2 Nd7 11. Qb3 b6 12. O-O-O Nf6 13. Nxf6+ exf6 14. Rdg1
Re8 15. Bd1 Qd6 16. g3 c5 17. h5 Bxh5 18. Rxh5 gxh5 19. Rh1 Rac8 20. Rxh5 cxd4
21. Rd5 Qe6 22. Rxd4 Qxb3 23. Bxb3 Red8 24. Rh4 Rc5 25. Bc2 h5 26. Nd4 f5 27.
Nxf5 Re8 28. Rxh5 Re1+ 29. Kd2 Rce5 30. Bd3 Ra1 31. Nxg7 Rxh5 32. Nxh5 Rxa2 33.
Kc2 Ra1 34. Nf4 a5 35. Nd5 Kg7 36. g4 a4 37. f4 a3 38. bxa3 Rxa3 39. Kb2 Ra8 40.
c4 Rh8 41. Kc3 Rh4 42. Bf5 Kf8 43. Kb4 Rh1 44. Nxb6 Rf1 45. Kc5 Ke8 46. Nd5 Kd8
47. Kd6 Ra1 48. c5 Rd1 49. c6 Rc1 50. c7+ 1-0

[Event "Titled Tue 10th Jun Early"]
[Site "chess.com INT"]
[Date "2025.06.10"]
[Round "1"]
[White "Srihari, L R"]
[Black "Garcia Gracia, Victor Hugo"]
[Result "1/2-1/2"]
[WhiteTitle "IM"]
[BlackTitle "CM"]
[WhiteElo "2480"]
[BlackElo "2206"]
[WhiteFideId "46617116"]
[BlackFideId "22295755"]
[EventDate "2025.06.10"]

1. c4 c5 2. Nf3 Nc6 3. e3 Nf6 4. Nc3 d5 5. cxd5 Nxd5 6. Bb5 Nb4 7. d4 e6 8. a3
Nd5 9. O-O Be7 10. Nxd5 exd5 11. dxc5 Bxc5 12. b4 Be7 13. Bb2 O-O 14. Rc1 Qd6
15. Nd4 Bd7 16. Bxc6 bxc6 17. Qc2 Rfc8 18. Nf5 Bxf5 19. Qxf5 a5 20. b5 Rab8 21.
Be5 Qe6 22. Qxe6 fxe6 23. Bxb8 Rxb8 24. bxc6 Bxa3 25. c7 Rc8 26. Rc6 Kf7 27. f4
g6 28. g4 Ke7 29. f5 exf5 30. gxf5 Kd7 31. Rc2 Rxc7 32. Rxc7+ Kxc7 33. fxg6 hxg6
34. Rf7+ Kc6 35. Rf6+ Bd6 36. Rxg6 a4 37. Rg8 a3 38. Ra8 Kb5 39. h4 Kb4 40. h5
Kb3 41. h6 a2 42. h7 Be5 43. Kf2 a1=Q 44. Rxa1 Bxa1 45. e4 Bd4+ 46. Kf3 dxe4+
47. Kxe4 Bh8 48. Kf5 Kc4 49. Ke6 Ba1 50. Kf7 Bb2 51. Kg8 Be5 52. h8=Q Bxh8 1/2-1/2

[Event "Titled Tue 10th Jun Early"]
[Site "chess.com INT"]
[Date "2025.06.10"]
[Round "1"]
[White "Principe, Gerson"]
[Black "Martinez Martin, David 1981"]
[Result "1/2-1/2"]
[WhiteTitle "FM"]
[BlackTitle "IM"]
[WhiteElo "2176"]
[BlackElo "2369"]
[WhiteFideId "3804550"]
[BlackFideId "2209748"]
[EventDate "2025.06.10"]

1. d4 Nf6 2. Nf3 g6 3. e3 Bg7 4. Be2 O-O 5. O-O d6 6. b3 c5 7. Bb2 cxd4 8. Nxd4
Nc6 9. c4 Nxd4 10. Bxd4 Bd7 11. Nd2 Bc6 12. Rc1 a5 13. a3 Nd7 14. Qc2 e5 15. Bb2
d5 16. c5 Qe7 17. b4 axb4 18. axb4 Ba4 19. Qb1 Rfc8 20. Nf3 b6 21. cxb6 Nxb6 22.
b5 Nc4 23. Bxc4 dxc4 24. b6 Rab8 25. Qe4 Rxb6 26. Rxc4 Rxc4 27. Qxc4 Bb5 28.
Qc8+ Qf8 29. Qxf8+ Bxf8 30. Ra1 f6 31. h3 Bc6 32. Ba3 Ra6 33. Bb2 Rxa1+ 34. Bxa1
Kf7 35. Bc3 Ke6 36. Ne1 h5 37. f3 g5 38. Kf2 h4 39. Bd2 Bb5 40. e4 Bc5+ 41. Be3
Bb4 42. Ba7 f5 43. exf5+ Kxf5 44. Nc2 Bd2 45. Be3 Bc3 46. Bc5 Bd2 47. Bb6 Bd3
48. Ne3+ Bxe3+ 49. Bxe3 e4 50. fxe4+ Bxe4 51. Bd2 g4 52. hxg4+ Kxg4 53. Bc3 Bxg2
54. Kxg2 h3+ 55. Kh1 h2 56. Bd4 Kf5 57. Bg1 hxg1=Q+ 58. Kxg1 1/2-1/2

[Event "Titled Tue 10th Jun Early"]
[Site "chess.com INT"]
[Date "2025.06.10"]
[Round "1"]
[White "Jaiveer, Mahendru"]
[Black "Khazan, Yevgeny"]
[Result "1/2-1/2"]
[WhiteTitle "FM"]
[BlackTitle "CM"]
[WhiteElo "2217"]
[BlackElo "2135"]
[WhiteFideId "25611151"]
[BlackFideId "2806193"]
[EventDate "2025.06.10"]

1. d4 Nf6 2. c4 g6 3. Nc3 d5 4. e3 Bg7 5. Nf3 O-O 6. b3 c5 7. Bb2 cxd4 8. exd4
Ne4 9. Nxd5 Bg4 10. Bd3 Ng5 11. Be2 Nxf3+ 12. Bxf3 Bxf3 13. Qxf3 e6 14. Nc3 Nc6
15. O-O-O Nxd4 16. Qf4 Qa5 17. Kb1 Nxb3 18. axb3 Bxc3 19. Rd3 Bxb2 20. Kxb2 Rfd8
21. Rhd1 Rxd3 22. Rxd3 Rd8 23. Rxd8+ Qxd8 24. Kc2 b6 25. h4 h5 26. g3 a5 27. Qe3
Kg7 28. Qc3+ Qf6 29. Qe3 Qf5+ 30. Kb2 Qc5 31. Qc3+ e5 32. Qf3 Qd4+ 33. Ka2 e4
34. Qf4 a4 35. bxa4 Qxc4+ 36. Ka3 Qc3+ 37. Ka2 Qc2+ 38. Ka3 Qd3+ 39. Ka2 Qc4+
40. Ka3 Qc3+ 41. Ka2 Qc2+ 42. Ka3 Qd3+ 43. Ka2 Qe2+ 44. Ka3 Qd3+ 1/2-1/2

[Event "Titled Tue 10th Jun Early"]
[Site "chess.com INT"]
[Date "2025.06.10"]
[Round "1"]
[White "Craciun, Sasha-Matei"]
[Black "Sobek, Jaroslav"]
[Result "1-0"]
[WhiteTitle "FM"]
[BlackTitle "FM"]
[WhiteElo "2320"]
[BlackElo "2195"]
[WhiteFideId "1281186"]
[BlackFideId "301388"]
[EventDate "2025.06.10"]

1. e4 c5 2. Nf3 a6 3. c3 d5 4. exd5 Qxd5 5. d4 e6 6. Be2 Nf6 7. O-O Be7 8. Na3
O-O 9. Nc4 Nbd7 10. Ne3 Qc6 11. Ne5 Nxe5 12. dxe5 Nd7 13. Bf3 Qc7 14. Nc4 Nxe5
15. Bf4 Nxf3+ 16. Qxf3 Qc6 17. Qxc6 bxc6 18. Rfd1 Ra7 19. Rd2 f6 20. Bd6 e5 21.
Rad1 Kf7 22. Bxe7 Kxe7 23. f4 exf4 24. Nd6 Be6 25. Re1 Rd7 26. Nf5+ Kf7 27.
Rxd7+ Bxd7 28. Re7+ Kg6 29. Nh4+ Kh5 30. Rxd7 Kxh4 31. Rxg7 Rd8 32. Rxh7+ Kg5
33. Re7 Rd2 34. Rc7 Rxb2 35. Rxc6 Rxa2 36. Rxc5+ f5 37. c4 a5 38. Rc8 f3 39.
gxf3 Kf4 40. Rd8 Kxf3 41. Rd3+ 1-0

[Event "Titled Tue 10th Jun Early"]
[Site "chess.com INT"]
[Date "2025.06.10"]
[Round "1"]
[White "Sanguinetti, Luis"]
[Black "Tleukhanov, Yerlan"]
[Result "1-0"]
[BlackTitle "FM"]
[WhiteElo "2178"]
[BlackElo "2296"]
[WhiteFideId "3002608"]
[BlackFideId "13749692"]
[EventDate "2025.06.10"]

1. Nf3 Nf6 2. b3 g6 3. Bb2 Bg7 4. g3 O-O 5. Bg2 d6 6. d4 Nbd7 7. O-O e5 8. dxe5
Ng4 9. c4 Re8 10. Qd2 Ngxe5 11. Nc3 Nc5 12. Rad1 a5 13. Nxe5 Bxe5 14. Rfe1 h5
15. f4 Bg7 16. Nd5 h4 17. Bxg7 Kxg7 18. Qd4+ f6 19. e4 Bg4 20. Rd2 h3 21. Bh1
Be6 22. Ne3 Qe7 23. f5 gxf5 24. exf5 Bf7 25. Qg4+ Kf8 26. Qxh3 Kg7 27. Qg4+ Kf8
28. Qh4 Kg7 29. Rd4 Qe5 30. Rg4+ Kf8 31. Qh6+ Ke7 32. Ng2 Kd7 33. Rxe5 Rxe5 34.
Qg7 Re7 35. Qxf6 Rae8 36. h4 Nd3 37. Kh2 Bh5 38. Rg7 Rxg7 39. Qxg7+ Re7 40. Qg5
Bf3 41. f6 Re2 42. Qf5+ Kd8 43. Qxf3 1-0

[Event "Titled Tue 10th Jun Early"]
[Site "chess.com INT"]
[Date "2025.06.10"]
[Round "1"]
[White "Gattani, Sarthak"]
[Black "Gyurjinyan, Valter"]
[Result "0-1"]
[BlackTitle "CM"]
[WhiteElo "1944"]
[BlackElo "2208"]
[WhiteFideId "30995965"]
[BlackFideId "13318179"]
[EventDate "2025.06.10"]

1. d4 Nf6 2. c4 e6 3. Nf3 d5 4. Nc3 Be7 5. Bf4 O-O 6. e3 b6 7. Rc1 Ba6 8. b3 Ba3
9. Rc2 Bb4 10. Bd3 c5 11. O-O Nc6 12. cxd5 Bxd3 13. Qxd3 exd5 14. dxc5 bxc5 15.
Na4 Qa5 16. Rfc1 Ba3 17. Rd1 Nb4 18. Qc3 Ne4 19. Qe1 Qb5 20. Re2 Nd3 21. Qf1
Nxf4 22. exf4 Rad8 23. Rc2 Qa5 24. Ne5 Rd6 25. f3 Nf6 26. g4 c4 27. Rcd2 c3 28.
Rc2 Rc8 29. Qd3 Bb4 30. g5 Nh5 31. Qf5 Qc7 32. Rd3 g6 33. Qg4 d4 34. Nc4 Re6 35.
Ne5 Rd8 36. h4 Rxe5 37. fxe5 Qxe5 38. Qg2 Nf4 39. Qf1 Re8 40. Rd1 d3 41. Rh2 c2
42. Rc1 Ne2+ 43. Rxe2 dxe2 44. Qf2 e1=Q+ 45. Rxe1 Qxe1+ 46. Kg2 Qxf2+ 47. Kxf2 0-1

[Event "Titled Tue 10th Jun Early"]
[Site "chess.com INT"]
[Date "2025.06.10"]
[Round "1"]
[White "Diaz Vasquez, Martin"]
[Black "Adewumi, Tanitoluwa"]
[Result "0-1"]
[WhiteTitle "CM"]
[BlackTitle "FM"]
[WhiteElo "2266"]
[BlackElo "2362"]
[WhiteFideId "3410579"]
[BlackFideId "30966396"]
[EventDate "2025.06.10"]

1. d4 Nf6 2. c4 g6 3. Nf3 Bg7 4. g3 O-O 5. Bg2 d6 6. O-O Nc6 7. d5 Na5 8. Qa4 c5
9. Bd2 b6 10. Bc3 Bd7 11. Qc2 Bf5 12. Qc1 Rb8 13. Nbd2 b5 14. b3 bxc4 15. bxc4
e5 16. dxe6 Bxe6 17. Rd1 Nc6 18. e3 h6 19. Rb1 Rxb1 20. Qxb1 Qe7 21. Qa1 Rd8 22.
h3 Kh7 23. Kh2 Nb4 24. Bf1 d5 25. a3 d4 26. exd4 Nc2 27. Qb2 Nxd4 28. Nxd4 cxd4
29. Bb4 Qc7 30. Bd3 Qc8 31. Bf1 d3 32. Bc3 Qc5 33. Kg1 Qf5 34. Bg2 Rc8 35. Re1
Bxc4 36. Re5 Qd7 37. Re3 Qd6 38. Re1 Bd5 39. Bxd5 Qxd5 40. Bxf6 Rc2 41. Qd4 Qxd4
42. Bxd4 Bxd4 43. Nf3 Bxf2+ 44. Kf1 Bxe1 45. Nxe1 d2 46. Nxc2 d1=Q+ 0-1

[Event "Titled Tue 10th Jun Early"]
[Site "chess.com INT"]
[Date "2025.06.10"]
[Round "1"]
[White "Przybylski, Bartosz"]
[Black "Gavarrete, Nahun"]
[Result "1-0"]
[WhiteTitle "CM"]
[BlackTitle "FM"]
[WhiteElo "2101"]
[BlackElo "2281"]
[WhiteFideId "21878323"]
[BlackFideId "8400709"]
[EventDate "2025.06.10"]

1. d3 d5 2. Nd2 e5 3. Ngf3 Nd7 4. e4 d4 5. Be2 Ngf6 6. Nc4 Bd6 7. Nxd6+ cxd6 8.
O-O O-O 9. h3 b6 10. Nh2 Bb7 11. f4 Ne8 12. Ng4 Nef6 13. Qe1 Nxg4 14. Bxg4 f6
15. Qh4 Qe7 16. Bd2 Rf7 17. Bf5 Nf8 18. Bb4 Rd8 19. fxe5 fxe5 20. Qg3 Kh8 21.
Bd2 h6 22. Bg6 Nxg6 23. Qxg6 Rdf8 24. Rxf7 Rxf7 25. Bb4 Rf6 26. Qg3 a5 27. Ba3
b5 28. c3 dxc3 29. bxc3 Bc6 30. Re1 Qe6 31. Re2 Kh7 32. d4 exd4 33. cxd4 Qc4 34.
Qe3 Rg6 35. d5 Bd7 36. Rf2 b4 37. Bb2 Qxa2 38. Bxg7 Qb1+ 39. Rf1 Qc2 40. Rf2
Qd1+ 41. Rf1 Qc2 42. Rf2 Qc5 43. Bd4 Qc2 44. Rxc2 b3 45. Rc7 Rg7 46. Bxg7 Kxg7
47. Rxd7+ Kf8 48. Qf4+ Kg8 49. Qf7+ Kh8 50. Qg7# 1-0

[Event "Titled Tue 10th Jun Early"]
[Site "chess.com INT"]
[Date "2025.06.10"]
[Round "1"]
[White "Zeliantsova, Kseniya"]
[Black "Shevchenko, Yaroslav"]
[Result "1-0"]
[WhiteTitle "WFM"]
[WhiteElo "2062"]
[BlackElo "2179"]
[WhiteFideId "13512617"]
[BlackFideId "34144684"]
[EventDate "2025.06.10"]

1. e4 c5 2. Nf3 e6 3. Nc3 Nc6 4. d4 cxd4 5. Nxd4 Nf6 6. g3 Bb4 7. Bg2 d5 8. exd5
Nxd5 9. O-O O-O 10. Nxc6 bxc6 11. Nxd5 exd5 12. Be3 Qd6 13. c3 Bc5 14. Bf4 Qg6
15. Qd2 a5 16. a4 Ba6 17. Rfe1 Qd3 18. b4 axb4 19. cxb4 Qxd2 20. Bxd2 Bd4 21.
Rac1 Bc4 22. a5 Rfe8 23. Rxe8+ Rxe8 24. Bf1 Bxf1 25. Kxf1 Rc8 26. Be3 Bf6 27.
Bc5 Be5 28. a6 f6 29. a7 Kf7 30. Bb6 Ke7 31. b5 c5 32. Rxc5 Ra8 33. Rc6 Kd7 34.
Bc5 d4 35. Ke2 h5 36. Kd3 h4 37. Ra6 Kc7 38. b6+ Kb7 39. Ra2 Rd8 40. f4 hxg3 41.
hxg3 1-0

[Event "Titled Tue 10th Jun Early"]
[Site "chess.com INT"]
[Date "2025.06.10"]
[Round "1"]
[White "Spector, Sebastian"]
[Black "Olhovik, Andrei"]
[Result "0-1"]
[WhiteTitle "CM"]
[BlackTitle "FM"]
[WhiteElo "2158"]
[BlackElo "2282"]
[WhiteFideId "116734"]
[BlackFideId "13507397"]
[EventDate "2025.06.10"]

1. d4 d5 2. c4 e6 3. Nc3 c5 4. cxd5 exd5 5. Nf3 Nc6 6. e3 c4 7. e4 dxe4 8. Nxe4
Bb4+ 9. Bd2 Qe7 10. Qe2 Bf5 11. Nc3 Bd3 12. Qxe7+ Ngxe7 13. Bxd3 cxd3 14. O-O
O-O-O 15. Rfe1 Nf5 16. d5 Ncd4 17. Nxd4 Nxd4 18. Re4 Nc2 19. Rd1 Rhe8 20. f3 f5
21. Rc4+ Kd7 22. Bg5 Rc8 23. Rxc8 Rxc8 24. Rxd3 Bxc3 25. bxc3 Na3 26. Be3 Nc4
27. Kf2 b6 28. Bf4 Na3 29. d6 Nb5 30. Be5 g6 31. a4 Na3 32. h4 Nc4 33. Bf4 Rc6
34. Kg3 Nxd6 35. h5 Ke6 36. hxg6 hxg6 37. Bxd6 Rxd6 38. Rxd6+ Kxd6 39. Kf4 Kc6
40. Kg5 b5 41. a5 Kc5 42. Kxg6 Kc4 43. Kxf5 Kxc3 44. g4 b4 45. g5 b3 46. g6 b2
47. g7 b1=Q+ 48. Kf6 Qb3 49. f4 Qg8 50. f5 Kb4 51. Kg6 Kxa5 52. f6 Qe6 53. Kh7
Qf5+ 0-1

[Event "Titled Tue 10th Jun Early"]
[Site "chess.com INT"]
[Date "2025.06.10"]
[Round "1"]
[White "Sabarez, Iulian"]
[Black "Platzgummer, Fabian"]
[Result "0-1"]
[WhiteTitle "CM"]
[BlackTitle "IM"]
[WhiteElo "1995"]
[BlackElo "2293"]
[WhiteFideId "1251813"]
[BlackFideId "1617222"]
[EventDate "2025.06.10"]

1. Nf3 d5 2. g3 Nf6 3. Bg2 e6 4. O-O Be7 5. b3 c5 6. Bb2 Nc6 7. d4 O-O 8. Nbd2
cxd4 9. Nxd4 Qc7 10. c4 Nxd4 11. Bxd4 e5 12. Bb2 d4 13. Qc2 Bg4 14. Rfe1 Rad8
15. Ne4 Bh5 16. Nxf6+ Bxf6 17. Be4 Bg6 18. Rad1 Bxe4 19. Qxe4 Qc6 20. Qxc6 bxc6
21. Ba3 Rfe8 22. Bc5 a6 23. e3 d3 24. e4 Bg5 25. Be3 Be7 26. c5 Rd7 27. Rd2 f5
28. f3 Rf8 29. Red1 fxe4 30. fxe4 Rfd8 31. b4 Kf7 32. a4 Ke6 33. Kf2 Rb8 34. b5
axb5 35. axb5 Rxb5 36. Rxd3 Rxd3 37. Rxd3 Bxc5 38. Rc3 Kd6 39. Rd3+ Kc7 40. Bxc5
Rxc5 41. Rf3 Rc2+ 42. Ke3 Rxh2 43. Rf7+ Kd6 44. Rxg7 h5 45. Kd3 Rg2 46. Rg6+ Kd7
47. Kc4 h4 48. Rg7+ Kd6 49. Rg6+ Kc7 50. g4 h3 51. g5 Rg4 52. Kd3 Rh4 53. Rg7+
Kb6 54. g6 h2 55. Rf7 h1=Q 0-1